2025-26 Serie A Captains - Statistics

General Stats
  • This quiz has been taken 23 times
  • The average score is 12 of 20
Answer Stats
Club Captain % Correct
Napoli Giovanni Di Lorenzo
100%
Inter Milan Lautaro Martinez
100%
Juventus Manuel Locatelli
95%
Milan Mike Maignan
91%
Atalanta Marten de Roon
86%
Lazio Mattia Zaccagni
77%
Fiorentina Luca Ranieri
64%
Parma Enrico Delprato
59%
Bologna Lorenzo De Silvestri
59%
Pisa Antonio Caracciolo
55%
Genoa Johan Vasquez
55%
Como Lucas Da Cunha
55%
Lecce Wladimiro Falcone
55%
Torino Duvan Zapata
50%
Cagliari Leonardo Pavoletti
50%
Cremonese Matteo Bianchetti
45%
Roma Stephan El Shaarawy
45%
Udinese Jesper Karlstrom
32%
Hellas Verona Suat Serdar
27%
Sassuolo Filippo Romagna
14%
No matching quizzes found
Score Distribution
Percent of People with Each Score
Percentile by Number Answered
Your Score History
You have not taken this quiz